00285nam a2200133Ia 4500008004100000041000800041082001600049100001300065245001600078260002000094300000800114365001600122700001300138230718s9999 xx 000 0 und d aeng a155.64bKHE aKhera S. aYou Can Win c2002bMacmillan a290 cRs.b325.00 aKhera S.